000
00322nam a2200109Ia 4500
008
200302s9999 xx 000 0 und d
100
_a
S. P. Arora and S. P. Bindra
245
_a
A Text book of Building Construction Including Engineering Materials (92)
260
_b
Dhanpat Rai & Sons
260
_c
1999
300
_a
1074 P.,
999
_c
1092
_d
1092